World trade fairs calender 1994 : including Malaysian trade fairs..

Bibliographic Details
Corporate Author: MATRADE
Format: Book
Published: Kuala Lumpur: Malaysia External Trade Development Corporation, 1994.
Subjects:
LEADER 00517cam a2200169 7i4500
001 0000003563
005 19991025090000.0
002 ##000004936
020 0 0 |a T000004443  
090 0 0 |a M 381.1025   |b WOR 
245 0 0 |a World trade fairs calender 1994 :   |b including Malaysian trade fairs.. 
260 0 0 |a Kuala Lumpur:   |b Malaysia External Trade Development Corporation,   |c 1994. 
300 0 0 |a 127p. 
650 0 0 |a Exhibitions  
650 0 0 |a Trade fairs  
710 1 0 |a MATRADE  
999 |a 0000005231  |b Book  |c Open shelf  |e Business Information Centre